[Event "IX Festival Citta' di Varese"]
[Site "Varese ITA"]
[Date "2009.10.11"]
[Round "4"]
[White "Schingaro, Angelo"]
[Black "Madaschi, Sergio"]
[Result "1-0"]
[WhiteElo "1712"]
[BlackElo "1576"]
[PlyCount "93"]
[EventDate "2009.10.10"]

1. e4 c5 2. Nf3 d6 3. d4 cxd4 4. Nxd4 Nf6 5. Nc3 Nc6 6. Bg5 e6 7. Qd2 Be7 8.
O-O-O Qa5 9. Nb3 O-O 10. f4 Rd8 11. Bc4 a6 12. Nd4 h6 13. Nxc6 bxc6 14. Bh4
Nxe4 15. Nxe4 Qxd2+ 16. Rxd2 Bxh4 17. Nxd6 Be7 18. Rhd1 a5 19. c3 Rb8 20. Kc2
Bb7 21. Bb3 Ba8 22. g4 c5 23. Nc4 Be4+ 24. Kc1 Rxd2 25. Rxd2 Ra8 26. Nb6 Rd8
27. Nd7 Bc6 28. Ne5 Bb7 29. Nc4 Rxd2 30. Kxd2 Bd8 31. Ke3 Bc7 32. Ne5 Bd6 33.
a3 g6 34. h4 Kg7 35. g5 Bxe5 36. fxe5 hxg5 37. hxg5 Kf8 38. Ba4 Ke7 39. b4 axb4
40. cxb4 cxb4 41. axb4 Kd8 42. Kd4 Bc8 43. Kc5 Bd7 44. Bxd7 Kxd7 45. Kb6 Kd8
46. Ka7 Kc7 47. b5 1-0

[Event "IX Festival Citta' di Varese"]
[Site "Varese ITA"]
[Date "2009.10.11"]
[Round "4"]
[White "Tosetto, Flavio"]
[Black "Donghi, Fabio"]
[Result "1-0"]
[WhiteElo "1656"]
[BlackElo "1664"]
[PlyCount "83"]
[EventDate "2009.10.10"]

1. e4 c5 2. f4 a6 3. Nf3 d6 4. Bc4 e6 5. O-O b5 6. Be2 Be7 7. e5 Nc6 8. c3 Qc7
9. d4 d5 10. Be3 c4 11. Bf2 f5 12. exf6 Nxf6 13. Ne5 Nxe5 14. fxe5 Ne4 15. Be1
Rf8 16. Bh5+ g6 17. Bf3 Ng5 18. Be2 Rxf1+ 19. Kxf1 Bf8 20. Bh4 Qf7+ 21. Kg1 Ne4
22. Nd2 Bh6 23. Nxe4 dxe4 24. Bf6 Bb7 25. Qe1 Bd5 26. Qh4 Be3+ 27. Kh1 Kd7 28.
Rf1 Rf8 29. Qe1 Bh6 30. Bh4 Qg8 31. Bf6 Rf7 32. Bd1 Qf8 33. Bc2 e3 34. Qe2 Bg5
35. Kg1 Bxf6 36. Rxf6 Rxf6 37. exf6 Qxf6 38. Qxe3 Qf7 39. Qe5 Qf8 40. Bd1 Bc6
41. Bg4 Bd5 42. Qxd5+ 1-0

[Event "IX Festival Citta' di Varese"]
[Site "Varese ITA"]
[Date "2009.10.17"]
[Round "5"]
[White "Centofante, Maria Rosa"]
[Black "Fantina, Carla"]
[Result "0-1"]
[WhiteElo "1625"]
[BlackElo "1728"]
[PlyCount "100"]
[EventDate "2009.10.10"]

1. d4 Nf6 2. Nf3 d6 3. c4 g6 4. Nc3 Bg7 5. e4 O-O 6. h3 c5 7. d5 Nbd7 8. Be3
Qb6 9. Rb1 e5 10. Qd2 a6 11. Bd3 Nh5 12. Bh6 Bxh6 13. Qxh6 Nf4 14. Bf1 Nh5 15.
Be2 Ndf6 16. Nh4 Nf4 17. Bf1 Qa5 18. f3 Qd8 19. g3 N6h5 20. Rg1 Bxh3 21. Bxh3
Nxh3 22. Rg2 Qg5 23. Qxg5 Nxg5 24. Kf2 f5 25. Ke3 f4+ 26. gxf4 exf4+ 27. Kd3
Ng3 28. Ne2 Nxe2 29. Rxg5 Nd4 30. Rbg1 Kh8 31. Rh1 Kg7 32. Rhg1 Rf6 33. e5 dxe5
34. Rxe5 b5 35. cxb5 axb5 36. a3 Rd8 37. Rc1 Nb3 38. Rc3 c4+ 39. Ke4 Kh6 40.
Rc2 Nc5+ 41. Kd4 Nd3 42. Rh2 Nxe5 43. Kxe5 Kg7 44. Ng2 Re8+ 45. Kd4 Re2 46. Kc3
Rf2 47. Kb4 Rxb2+ 48. Kc5 c3 49. d6 c2 50. d7 c1=Q+ 0-1

[Event "IX Festival Citta' di Varese"]
[Site "Varese ITA"]
[Date "2009.10.17"]
[Round "5"]
[White "Collobiano, Alberto"]
[Black "Schingaro, Angelo"]
[Result "1-0"]
[WhiteElo "1993"]
[BlackElo "1712"]
[PlyCount "45"]
[EventDate "2009.10.10"]

1. e4 c5 2. Nf3 d6 3. d4 cxd4 4. Nxd4 Nf6 5. Nc3 a6 6. Bd3 e6 7. Be3 b5 8. g4
Bb7 9. g5 Nfd7 10. Qd2 Nc6 11. Nxc6 Bxc6 12. O-O-O Qc7 13. f4 Nc5 14. Rhe1 b4
15. Nd5 Qb7 16. Bxc5 dxc5 17. f5 e5 18. Bc4 a5 19. g6 hxg6 20. fxg6 f6 21.
Nxf6+ gxf6 22. Bf7+ Ke7 23. Qd6# 1-0

[Event "IX Festival Citta' di Varese"]
[Site "Varese ITA"]
[Date "2009.10.17"]
[Round "5"]
[White "Cordiano, Franco"]
[Black "Mondini, Francesco"]
[Result "0-1"]
[WhiteElo "1218"]
[BlackElo "1472"]
[PlyCount "120"]
[EventDate "2009.10.10"]

1. d4 d5 2. h3 Nf6 3. Bg5 e6 4. a3 Be7 5. Bxf6 Bxf6 6. Nf3 Nc6 7. e3 Qe7 8. Bb5
Bd7 9. Bxc6 Bxc6 10. Nbd2 b6 11. Ne5 Bb7 12. Ndf3 O-O-O 13. Ng4 h5 14. Nxf6
Qxf6 15. c3 g5 16. Ne5 c5 17. Qa4 Kb8 18. Nd7+ Rxd7 19. Qxd7 Rd8 20. Qa4 c4 21.
Qd1 Qg6 22. Qf3 Rd7 23. Qg3+ Kc8 24. f4 f6 25. a4 Rg7 26. h4 g4 27. f5 Qxf5 28.
Rf1 Qg6 29. Qd6 f5 30. O-O-O Rd7 31. Qf4 Bc6 32. Qg5 Qxg5 33. hxg5 Rg7 34. Kd2
a5 35. g3 Bxa4 36. Ra1 Bd7 37. g6 Rxg6 38. Rh1 Rh6 39. Rh2 Rh7 40. Rah1 Be8 41.
Ke2 a4 42. Kd2 Ra7 43. Rxh5 Bxh5 44. Rxh5 Re7 45. Rh8+ Kb7 46. Rh2 Ka6 47. Rh8
Kb7 48. Rh1 b5 49. Ra1 Rh7 50. Ke2 Rh2+ 51. Kf1 Rh1+ 52. Kg2 Rxa1 53. Kf2 Rb1
54. b4 cxb3 55. c4 bxc4 56. Ke2 a3 57. e4 a2 58. exf5 a1=Q 59. f6 Qc3 60. Kf2
Rb2+ 0-1

[Event "IX Festival Citta' di Varese"]
[Site "Varese ITA"]
[Date "2009.10.17"]
[Round "5"]
[White "Falchi, Claudio"]
[Black "Carbone, Lorenzo"]
[Result "1/2-1/2"]
[WhiteElo "1599"]
[BlackElo "1812"]
[PlyCount "103"]
[EventDate "2009.10.10"]

1. e4 c5 2. Nc3 e6 3. g3 Nc6 4. Bg2 Nf6 5. d3 Be7 6. Nh3 d5 7. O-O d4 8. Ne2 e5
9. f4 Bg4 10. Nf2 h5 11. h3 Bxe2 12. Qxe2 Qc7 13. f5 O-O-O 14. Bg5 Rdg8 15. Kh2
Qd8 16. Rab1 Kb8 17. a3 Ng4+ 18. hxg4 Bxg5 19. Nd1 hxg4+ 20. Kg1 f6 21. Qxg4
Rh6 22. Bh3 Rgh8 23. Bg2 Qg8 24. c4 Qh7 25. Qf3 Rh1+ 26. Kf2 Rh2 27. b3 Qh6 28.
Rg1 Qh3 29. Kf1 Qh6 30. Kf2 Bc1 31. Ra1 Bg5 32. Ra2 Na5 33. b4 cxb4 34. axb4
Nc6 35. b5 Ne7 36. Qe2 b6 37. Qf3 Qh3 38. Kf1 Qh6 39. Kf2 Bc1 40. Re2 Bg5 41.
Ree1 g6 42. fxg6 Nxg6 43. Rh1 Qg7 44. Rxh2 Rxh2 45. Rh1 Rxh1 46. Bxh1 Qh6 47.
Bg2 Ne7 48. Kg1 Bc1 49. Qe2 Qg5 50. Kf2 Qd2 51. Qxd2 Bxd2 52. Bf3 1/2-1/2

[Event "IX Festival Citta' di Varese"]
[Site "Varese ITA"]
[Date "2009.10.17"]
[Round "5"]
[White "Maccarini, Luca Nicola"]
[Black "Lanza, Francesco Paolo"]
[Result "1-0"]
[WhiteElo "1838"]
[BlackElo "1689"]
[PlyCount "51"]
[EventDate "2009.10.10"]

1. d4 e6 2. Nf3 Nf6 3. c4 b6 4. Nc3 Bb7 5. Bg5 Be7 6. Bxf6 Bxf6 7. e4 d6 8. Bd3
c6 9. O-O O-O 10. Be2 Nd7 11. a3 g6 12. Qd2 Bg7 13. Rad1 Qe7 14. Rfe1 Rfd8 15.
d5 Ne5 16. Nxe5 Bxe5 17. f4 Bg7 18. f5 e5 19. dxc6 Bxc6 20. Nd5 Qd7 21. Rf1
Bxd5 22. Qxd5 Qe7 23. Rf3 g5 24. f6 Bxf6 25. Rdf1 Bg7 26. Rxf7 1-0

[Event "IX Festival Citta' di Varese"]
[Site "Varese ITA"]
[Date "2009.10.17"]
[Round "5"]
[White "Madaschi, Sergio"]
[Black "Picchi, Luciano Enrico"]
[Result "1/2-1/2"]
[WhiteElo "1576"]
[BlackElo "1464"]
[PlyCount "112"]
[EventDate "2009.10.10"]

1. e4 e5 2. Nf3 Nc6 3. Bb5 Nge7 4. c3 a6 5. Ba4 g6 6. d4 exd4 7. cxd4 d5 8. e5
Bg7 9. O-O O-O 10. h3 Bd7 11. Nc3 h6 12. Bf4 Rc8 13. Qd2 Kh7 14. Rac1 Be6 15.
Ne2 Nb8 16. Bb3 c6 17. Bc2 Nf5 18. Nh2 Nd7 19. Ng4 h5 20. Nh2 Rh8 21. Nf3 Kg8
22. Ng5 Nf8 23. Nxe6 fxe6 24. Bg5 Qe8 25. Qf4 Nh7 26. Bxf5 exf5 27. Bh4 Nf8 28.
Qg3 Ne6 29. Rfd1 Qf7 30. Nf4 Nxf4 31. Qxf4 Bh6 32. Bg5 Bxg5 33. Qxg5 Kg7 34.
Re1 Rce8 35. Re2 Re6 36. Rc3 Rhe8 37. Rf3 Kh7 38. Rf4 Qe7 39. Qg3 c5 40. dxc5
Qxc5 41. Kh2 Rxe5 42. Rxe5 Rxe5 43. Qd3 Re4 44. Rf3 b5 45. Qd2 b4 46. Qd3 Qc4
47. b3 Qc7+ 48. g3 Qd6 49. Qd2 a5 50. Kg2 Qc5 51. Rd3 d4 52. f3 Re3 53. Rxd4
Re2+ 54. Qxe2 Qxd4 55. Qe7+ Kh6 56. Qe2 Qc5 1/2-1/2

[Event "IX Festival Citta' di Varese"]
[Site "Varese ITA"]
[Date "2009.10.17"]
[Round "5"]
[White "Mazzarone, Maurizio"]
[Black "D'Aulisa, Francesco"]
[Result "0-1"]
[WhiteElo "1918"]
[BlackElo "1754"]
[PlyCount "70"]
[EventDate "2009.10.10"]

1. d4 e6 2. Nf3 d6 3. Bf4 h6 4. e3 a6 5. Nbd2 Nd7 6. Bd3 Ne7 7. O-O b6 8. Re1
Bb7 9. c3 g5 10. Bg3 Rg8 11. Nc4 Ng6 12. Nfd2 Nf6 13. e4 Nf4 14. Bc2 h5 15. e5
Nxg2 16. exf6 Nxe1 17. Qxe1 h4 18. Ne3 Qxf6 19. Be4 O-O-O 20. Bxb7+ Kxb7 21.
Qe2 hxg3 22. fxg3 Qg6 23. a4 f5 24. a5 b5 25. c4 c6 26. cxb5 cxb5 27. Qf3+ d5
28. Nb3 Re8 29. Re1 Bb4 30. Re2 Rgf8 31. Nd1 f4 32. Qg4 Rf6 33. Re5 Rg8 34. Nc3
f3 35. Nd2 Qd3 0-1

[Event "IX Festival Citta' di Varese"]
[Site "Varese ITA"]
[Date "2009.10.17"]
[Round "5"]
[White "Nipote, Mario"]
[Black "Nunziata, Vincenzo"]
[Result "0-1"]
[WhiteElo "1419"]
[BlackElo "1679"]
[PlyCount "116"]
[EventDate "2009.10.10"]

1. d4 Nf6 2. c4 e6 3. Nc3 Bb4 4. Qc2 c5 5. Nf3 cxd4 6. Nxd4 h6 7. e3 O-O 8. Bd3
b6 9. a3 Be7 10. Qe2 Bb7 11. Nf3 Nc6 12. O-O Na5 13. Bc2 Rc8 14. b3 d5 15. Rd1
Qc7 16. Nb5 Qb8 17. Nd2 dxc4 18. Nxc4 Nxc4 19. bxc4 a6 20. Nd4 Qc7 21. Bd3 Ne4
22. Bb2 Nc5 23. Rac1 Nxd3 24. Qxd3 Rfd8 25. Qc3 Bf6 26. Rd2 Be4 27. f3 Bg6 28.
e4 Qc5 29. Kh1 b5 30. Rcd1 Qxc4 31. Qe3 e5 32. Ne2 Rxd2 33. Rxd2 Bg5 34. f4
exf4 35. Qf2 Qxe4 36. Nc3 Qe3 37. Qxe3 fxe3 38. Re2 Rd8 39. h4 Bf4 40. g3 Bxg3
41. Rxe3 Bxh4 42. Rh3 Bf6 43. Rg3 Rd3 44. Rxd3 Bxd3 45. Kg2 a5 46. Kf3 b4 47.
axb4 axb4 48. Nd1 Bxb2 49. Nxb2 Bc2 50. Nc4 Kh7 51. Ne5 f6 52. Nc4 Kg6 53. Ke2
Kg5 54. Kd2 b3 55. Ke2 h5 56. Kf2 Kf4 57. Ke2 g5 58. Kf2 g4 0-1

[Event "IX Festival Citta' di Varese"]
[Site "Varese ITA"]
[Date "2009.10.17"]
[Round "5"]
[White "Novi', Giuseppe"]
[Black "Macchi, Marco"]
[Result "1/2-1/2"]
[WhiteElo "1818"]
[BlackElo "1708"]
[PlyCount "121"]
[EventDate "2009.10.10"]

1. e4 e6 2. d3 d5 3. Nd2 dxe4 4. Nxe4 Nf6 5. Qe2 Be7 6. g3 Bd7 7. Bg2 Bc6 8.
Nf3 O-O 9. O-O Nbd7 10. Nd4 Bxe4 11. dxe4 c5 12. Nb3 Rc8 13. c4 e5 14. Bd2 Nb8
15. Rad1 Qc7 16. Bc3 Nc6 17. Nd2 Nd4 18. Bxd4 cxd4 19. b3 Rfd8 20. Qd3 Bb4 21.
Nf3 Nd7 22. Nh4 Nc5 23. Qf3 Ne6 24. Bh3 Ng5 25. Qg2 Nxh3+ 26. Qxh3 Qd7 27. Qxd7
Rxd7 28. Rd3 Rc5 29. Nf5 g6 30. Nh4 Kg7 31. g4 Ra5 32. a4 a6 33. f4 f6 34. fxe5
fxe5 35. g5 Rc5 36. Nf3 Rf7 37. Nd2 Rxf1+ 38. Kxf1 Rc7 39. Nf3 Rf7 40. Kg2 Bd6
41. c5 Bc7 42. b4 Rf4 43. Nd2 Rg4+ 44. Rg3 Rxg3+ 45. Kxg3 Kf7 46. Kf3 Ke6 47.
Ke2 b6 48. c6 b5 49. Nb3 Kd6 50. axb5 axb5 51. Nc1 Kxc6 52. Nd3 Bd6 53. h4 Kd7
54. Kf3 Ke6 55. Kg4 Kf7 56. Kf3 Kg7 57. Kg3 h6 58. Kg4 hxg5 59. hxg5 Kf7 60.
Kh4 Ke6 61. Kg4 1/2-1/2

[Event "IX Festival Citta' di Varese"]
[Site "Varese ITA"]
[Date "2009.10.17"]
[Round "5"]
[White "Pepa, Syrja"]
[Black "Cardani, Roberto"]
[Result "0-1"]
[WhiteElo "1835"]
[BlackElo "1943"]
[PlyCount "60"]
[EventDate "2009.10.10"]

1. d4 Nf6 2. c4 e6 3. Nc3 Bb4 4. Qc2 O-O 5. Bg5 c5 6. e3 h6 7. Bh4 cxd4 8. exd4
Nc6 9. Nf3 d5 10. a3 Be7 11. c5 b6 12. Bb5 Bb7 13. b4 a5 14. Bxc6 Bxc6 15. b5
Be8 16. c6 Qc7 17. O-O Rc8 18. Ne5 Nh7 19. Bg3 Bd6 20. Rfe1 f6 21. Ng6 Bxg6 22.
Qxg6 Bxg3 23. hxg3 Qf7 24. Qg4 e5 25. Rad1 e4 26. Qf5 Rfd8 27. f3 g6 28. Qf4
exf3 29. gxf3 Ng5 30. Re3 Nh3+ 0-1

[Event "IX Festival Citta' di Varese"]
[Site "Varese ITA"]
[Date "2009.10.17"]
[Round "5"]
[White "Poletto, Daniele"]
[Black "Cervini, Gian Piero"]
[Result "1/2-1/2"]
[WhiteElo "1768"]
[BlackElo "1767"]
[PlyCount "46"]
[EventDate "2009.10.10"]

1. c4 Nf6 2. Nc3 g6 3. g3 Bg7 4. Bg2 d6 5. e4 c5 6. Nge2 Nc6 7. O-O O-O 8. d3
Ne8 9. h3 Nc7 10. Kh2 Ne6 11. f4 Ncd4 12. Nxd4 Nxd4 13. Ne2 Rb8 14. Nxd4 Bxd4
15. Rb1 b5 16. cxb5 Rxb5 17. b3 Qa5 18. Qc2 Ba6 19. Bd2 Qa3 20. Bc1 Qa5 21. Bd2
Qa3 22. Bc1 Qa5 23. Bd2 Qa3 1/2-1/2

[Event "IX Festival Citta' di Varese"]
[Site "Varese ITA"]
[Date "2009.10.17"]
[Round "5"]
[White "Salerno, Christian"]
[Black "Guzzetti, Luigi Enrico"]
[Result "0-1"]
[WhiteElo "2153"]
[BlackElo "1863"]
[PlyCount "104"]
[EventDate "2009.10.10"]

1. d4 Nf6 2. c4 g6 3. Nc3 Bg7 4. e4 d6 5. Nf3 O-O 6. Be2 c5 7. d5 Na6 8. O-O
Nc7 9. h3 a6 10. Qc2 Bd7 11. Re1 b5 12. Rb1 bxc4 13. Bxc4 Nb5 14. Bd2 Qc7 15.
a3 Rfc8 16. Nxb5 axb5 17. Bf1 Qb6 18. Qb3 Ra4 19. Ng5 h6 20. e5 dxe5 21. Nxf7
Kxf7 22. Rxe5 Re4 23. Re1 Rxe5 24. Rxe5 c4 25. Qf3 e6 26. Bc3 Kg8 27. dxe6 Bxe6
28. Re1 Rf8 29. Bb4 Rf7 30. Qa8+ Kh7 31. Ba5 Qd6 32. Bb4 Qd5 33. Qa6 Bf5 34. g4
Bd3 35. Bg2 Qd4 36. Qe6 Qd7 37. Qxd7 Nxd7 38. Bd5 Ne5 39. Rxe5 Bxe5 40. Bxf7
Bxb2 41. Bxc4 bxc4 42. Kg2 c3 43. a4 c2 44. Bd2 c1=Q 45. Bxc1 Bxc1 46. a5 Bd2
47. Kg3 Bxa5 48. f4 Be4 49. Kf2 Bb6+ 50. Kg3 Kg7 51. h4 Kf6 52. Kh3 h5 0-1

[Event "IX Festival Citta' di Varese"]
[Site "Varese ITA"]
[Date "2009.10.18"]
[Round "6"]
[White "Cardani, Roberto"]
[Black "Guzzetti, Luigi Enrico"]
[Result "1/2-1/2"]
[WhiteElo "1943"]
[BlackElo "1863"]
[PlyCount "71"]
[EventDate "2009.10.10"]

1. e4 c5 2. Nf3 e6 3. d4 cxd4 4. Nxd4 a6 5. Bd3 Qc7 6. Nc3 Nf6 7. O-O Nc6 8.
Be3 Be7 9. Kh1 b5 10. a3 Bb7 11. f4 d6 12. Qe2 h5 13. f5 Nxd4 14. Bxd4 e5 15.
Bg1 h4 16. h3 Rd8 17. Rae1 Nh5 18. Bh2 Bg5 19. a4 b4 20. Na2 a5 21. Bb5+ Bc6
22. c3 Bxb5 23. Qxb5+ Ke7 24. cxb4 Rb8 25. Qxa5 Qxa5 26. bxa5 Rxb2 27. Nc3 Ra8
28. Nd5+ Kf8 29. Rb1 Ra2 30. a6 Kg8 31. Nc7 Ra7 32. Rb7 Be3 33. Re1 Bf2 34. Rf1
Bc5 35. Rc1 Be3 36. Re1 1/2-1/2

[Event "IX Festival Citta' di Varese"]
[Site "Varese ITA"]
[Date "2009.10.18"]
[Round "6"]
[White "Cervini, Gian Piero"]
[Black "Pepa, Syrja"]
[Result "0-1"]
[WhiteElo "1767"]
[BlackElo "1835"]
[PlyCount "84"]
[EventDate "2009.10.10"]

1. e4 c5 2. c3 Nc6 3. d4 cxd4 4. cxd4 d5 5. exd5 Qxd5 6. Nc3 Qxd4 7. Qxd4 Nxd4
8. Nb5 Nxb5 9. Bxb5+ Bd7 10. Bxd7+ Kxd7 11. Nf3 e6 12. Be3 Nf6 13. O-O-O+ Ke8
14. Rd3 Nd5 15. Bd4 Be7 16. Re1 Rc8+ 17. Kb1 b6 18. Ne5 f6 19. Ng4 Kf7 20. Ne3
Rhd8 21. Nc2 Rxc2 22. Bxb6 Rd7 23. Be3 Rdc7 24. Bxa7 Nb4 25. Rde3 Rxa7 26. a3
Rc6 27. axb4 Bxb4 28. Rd1 Rac7 29. Re2 e5 30. f3 Bc5 31. g3 g5 32. Rf1 Bd4 33.
f4 Kg6 34. Rg2 g4 35. h3 h5 36. hxg4 hxg4 37. Rh1 Rb7 38. Rh4 Rcb6 39. fxe5
Bxe5 40. Rhh2 Rb3 41. Rh4 Kg5 42. Rgh2 Rxb2+ 0-1

[Event "IX Festival Citta' di Varese"]
[Site "Varese ITA"]
[Date "2009.10.18"]
[Round "6"]
[White "D'Aulisa, Francesco"]
[Black "Maccarini, Luca Nicola"]
[Result "0-1"]
[WhiteElo "1754"]
[BlackElo "1838"]
[PlyCount "70"]
[EventDate "2009.10.10"]

1. e4 e5 2. Nf3 Nf6 3. d3 Nc6 4. Nbd2 Bc5 5. a3 Ng4 6. d4 exd4 7. h3 Nf6 8. Bd3
O-O 9. b4 Bb6 10. Nc4 Re8 11. Bg5 h6 12. Bh4 g5 13. Bxg5 hxg5 14. Nxg5 d5 15.
Nxb6 axb6 16. O-O dxe4 17. Bc4 Ne5 18. Bb3 c5 19. Qe2 c4 20. Bxc4 Nxc4 21. Qxc4
Qd5 22. Qxd5 Nxd5 23. Rfe1 Bf5 24. g4 Bg6 25. h4 f6 26. Nh3 d3 27. cxd3 exd3
28. f4 Nc3 29. f5 d2 30. Rxe8+ Rxe8 31. Kf2 d1=Q 32. Rxd1 Nxd1+ 33. Kf3 Bf7 34.
Nf4 Re3+ 35. Kg2 Rxa3 0-1

[Event "IX Festival Citta' di Varese"]
[Site "Varese ITA"]
[Date "2009.10.18"]
[Round "6"]
[White "Falchi, Claudio"]
[Black "Novi', Giuseppe"]
[Result "0-1"]
[WhiteElo "1599"]
[BlackElo "1818"]
[PlyCount "100"]
[EventDate "2009.10.10"]

1. e4 e6 2. d4 d5 3. e5 c5 4. c3 Nc6 5. Nf3 Bd7 6. Be2 Qb6 7. a3 a5 8. a4 cxd4
9. cxd4 Nge7 10. Bb5 Ng6 11. O-O Be7 12. Na3 O-O 13. Nc2 Rfd8 14. b3 Nb4 15.
Bxd7 Rxd7 16. Nxb4 Bxb4 17. Qd3 Rc7 18. Bb2 Rac8 19. Rac1 h6 20. h3 Be7 21.
Rxc7 Rxc7 22. Rc1 Rc6 23. Rxc6 Qxc6 24. Qc3 Qxc3 25. Bxc3 b6 26. Bd2 Ba3 27.
Ne1 Ne7 28. Nc2 Bb2 29. f4 Nf5 30. Kf2 Nxd4 31. Nxd4 Bxd4+ 32. Ke2 Bc5 33. Kd3
h5 34. g4 hxg4 35. hxg4 g6 36. g5 Kf8 37. Bc3 Ke7 38. Bd2 Kd7 39. Bc3 Kc6 40.
Bd2 Ba3 41. Kd4 Bb2+ 42. Kd3 Ba3 43. Bc3 Bc1 44. Bd2 Bxd2 45. Kxd2 Kc5 46. Kc3
d4+ 47. Kd3 Kd5 48. Ke2 Ke4 49. Kd2 Kxf4 50. Kd3 Kxe5 0-1

[Event "IX Festival Citta' di Varese"]
[Site "Varese ITA"]
[Date "2009.10.18"]
[Round "6"]
[White "Fantina, Carla"]
[Black "Poletto, Daniele"]
[Result "0-1"]
[WhiteElo "1728"]
[BlackElo "1768"]
[PlyCount "74"]
[EventDate "2009.10.10"]

1. c4 c5 2. Nc3 Nc6 3. g3 g6 4. Bg2 Bg7 5. Nf3 e5 6. O-O Nge7 7. d3 O-O 8. e4
d6 9. Rb1 a6 10. Bg5 f6 11. Be3 h6 12. Nd5 b5 13. cxb5 Nxd5 14. exd5 Ne7 15.
Nh4 axb5 16. a3 Kh7 17. f4 f5 18. Qb3 Bd7 19. Nf3 Qc7 20. Rfc1 exf4 21. gxf4
Rae8 22. Bf2 Nc8 23. d4 c4 24. Qb4 Nb6 25. Nd2 Rf7 26. a4 Nxa4 27. Nb3 Nb6 28.
Na5 Rfe7 29. Nc6 Nxd5 30. Bxd5 Bxc6 31. Bxc6 Qxc6 32. b3 d5 33. bxc4 bxc4 34.
Qc5 Rc7 35. Qxc6 Rxc6 36. Re1 Re4 37. Rxe4 fxe4 0-1

[Event "IX Festival Citta' di Varese"]
[Site "Varese ITA"]
[Date "2009.10.18"]
[Round "6"]
[White "Gerosa, Ottavio"]
[Black "Mondini, Francesco"]
[Result "0-1"]
[WhiteElo "1425"]
[BlackElo "1472"]
[PlyCount "74"]
[EventDate "2009.10.10"]

1. Nf3 Nf6 2. c4 e6 3. d4 Be7 4. Nc3 b6 5. Bf4 Bb7 6. e3 d6 7. Be2 Nbd7 8. O-O
Nh5 9. Qd3 Nxf4 10. exf4 Nf6 11. f5 O-O 12. fxe6 fxe6 13. Ng5 Qd7 14. Rfe1 h6
15. Nh3 c5 16. Nf4 cxd4 17. Nd1 e5 18. Ng6 Be4 19. Qg3 Rfc8 20. Nxe7+ Qxe7 21.
f3 Bh7 22. Nf2 Nh5 23. Qg4 Nf4 24. b3 Rf8 25. Nh3 Bf5 26. Qg3 Nxh3+ 27. gxh3
Rf6 28. Qh4 Rg6+ 29. Qg3 Rxg3+ 30. hxg3 Bxh3 31. Kf2 Qf6 32. Rh1 Bf5 33. Rag1
Be4 34. Rh4 Bc6 35. f4 e4 36. Ke1 d3 37. Bd1 e3 0-1

[Event "IX Festival Citta' di Varese"]
[Site "Varese ITA"]
[Date "2009.10.18"]
[Round "6"]
[White "Lanza, Francesco Paolo"]
[Black "Macchi, Marco"]
[Result "1-0"]
[WhiteElo "1689"]
[BlackElo "1708"]
[PlyCount "104"]
[EventDate "2009.10.10"]

1. e4 e6 2. c3 d5 3. exd5 exd5 4. d4 Bd6 5. Ne2 Bg4 6. Qd3 Ne7 7. Ng3 O-O 8.
Be2 Bxe2 9. Qxe2 Nd7 10. O-O Re8 11. Nd2 Ng6 12. Qd1 Nf6 13. Nf3 Ne4 14. Nf5
Bf8 15. Nd2 Nd6 16. Nxd6 Bxd6 17. Nf3 Qd7 18. Bd2 f6 19. Qc2 Re4 20. Rfe1 Rae8
21. Rxe4 Rxe4 22. Re1 Rxe1+ 23. Nxe1 Nh4 24. Qd1 Qf5 25. g3 Qg6 26. Qe2 Nf5 27.
Qe6+ Kf8 28. Qxd5 c6 29. Qe4 Kf7 30. Bf4 Bxf4 31. Qxf4 Ne7 32. Qd2 Qe4 33. c4
Qe6 34. b3 b5 35. c5 Nd5 36. b4 Qe4 37. a3 f5 38. f3 Qe3+ 39. Qxe3 Nxe3 40. Kf2
Nc4 41. Nc2 Ke6 42. Ke2 Kd5 43. Ne3+ Nxe3 44. Kxe3 g5 45. h3 h6 46. f4 gxf4+
47. Kxf4 Ke6 48. g4 fxg4 49. Kxg4 Kf6 50. Kh5 Kg7 51. d5 cxd5 52. c6 d4 1-0

[Event "IX Festival Citta' di Varese"]
[Site "Varese ITA"]
[Date "2009.10.18"]
[Round "6"]
[White "Mazzarone, Maurizio"]
[Black "Collobiano, Alberto"]
[Result "1/2-1/2"]
[WhiteElo "1918"]
[BlackElo "1993"]
[PlyCount "30"]
[EventDate "2009.10.10"]

1. d4 d5 2. Nf3 Nf6 3. Bf4 Bf5 4. e3 e6 5. Be2 Be7 6. O-O O-O 7. Nbd2 Nbd7 8.
c3 c6 9. Rc1 Rc8 10. Re1 Re8 11. Ne5 Ne4 12. Ndf3 Nxe5 13. Nxe5 Bf6 14. Qb3
Bxe5 15. Bxe5 Qe7 1/2-1/2

[Event "IX Festival Citta' di Varese"]
[Site "Varese ITA"]
[Date "2009.10.18"]
[Round "6"]
[White "Nunziata, Vincenzo"]
[Black "Salerno, Christian"]
[Result "0-1"]
[WhiteElo "1679"]
[BlackElo "2153"]
[PlyCount "122"]
[EventDate "2009.10.10"]

1. e4 c5 2. c3 e6 3. d4 d5 4. exd5 exd5 5. Nf3 Nf6 6. Bb5+ Nc6 7. O-O cxd4 8.
Nxd4 Qc7 9. Re1+ Be7 10. Be3 O-O 11. Nd2 Ng4 12. N2f3 Nxe3 13. Rxe3 Bf6 14. Nb3
a6 15. Bf1 Rd8 16. Rd3 Qd6 17. Nbd4 Bg4 18. Qb3 Rd7 19. h3 Bh5 20. Nf5 Qc5 21.
Rad1 Rad8 22. N5d4 Na5 23. Qa4 Nc4 24. Nb3 Qc6 25. Qxc6 bxc6 26. Nc5 Ra7 27.
Re1 Bg6 28. b3 Bxd3 29. Bxd3 Nd6 30. Nd4 Bxd4 31. cxd4 Nb5 32. Bxb5 axb5 33. a4
bxa4 34. bxa4 Rb8 35. f3 g6 36. Rd1 Kg7 37. Rd2 Rb4 38. Kf2 Kf6 39. Ke3 Rc4 40.
Rb2 Rc1 41. Rb6 Rc7 42. a5 Rc3+ 43. Kd2 Ra3 44. a6 Ra5 45. Rb7 Rc8 46. Nd7+ Kg5
47. Nb6 Ra2+ 48. Kc3 Re8 49. a7 Re3+ 50. Kb4 Rea3 51. a8=Q Rxa8 52. Nxa8 Rb2+
53. Kc5 Rxb7 54. Kxc6 Rb2 55. Kxd5 Rxg2 56. Nc7 Rg3 57. Ke4 f5+ 58. Ke3 Rxh3
59. d5 Kf6 60. d6 Rh4 61. f4 Rh1 0-1

[Event "IX Festival Citta' di Varese"]
[Site "Varese ITA"]
[Date "2009.10.18"]
[Round "6"]
[White "Picchi, Luciano Enrico"]
[Black "Donghi, Fabio"]
[Result "1/2-1/2"]
[WhiteElo "1464"]
[BlackElo "1664"]
[PlyCount "82"]
[EventDate "2009.10.10"]

1. e4 c5 2. Nf3 e6 3. c4 d6 4. Nc3 b6 5. Be2 Be7 6. b3 Nc6 7. Bb2 Nf6 8. d3 O-O
9. O-O Bb7 10. Qd2 a6 11. Nd1 Qc7 12. Qf4 e5 13. Qd2 Bc8 14. h3 Bd7 15. Ne3 Qc8
16. Kh2 Nd4 17. Ng1 Nxe2 18. Qxe2 Be6 19. Rac1 g6 20. f4 exf4 21. Rxf4 Nh5 22.
Rf3 Bg5 23. Rcf1 Ra7 24. Nd5 Bxd5 25. cxd5 Re7 26. g4 Ng7 27. Bf6 Bxf6 28. Rxf6
Ne8 29. R6f2 Nc7 30. Qd2 Kg7 31. Rf6 Qd7 32. Qb2 Kg8 33. Qd2 Ne8 34. R6f4 a5
35. Ne2 Kg7 36. Nc3 b5 37. Qb2 Kg8 38. Qd2 Nc7 39. Ne2 b4 40. Qc2 Nb5 41. Qb2
Nc7 1/2-1/2

[Event "IX Festival Citta' di Varese"]
[Site "Varese ITA"]
[Date "2009.10.18"]
[Round "6"]
[White "Schingaro, Angelo"]
[Black "Centofante, Maria Rosa"]
[Result "1-0"]
[WhiteElo "1712"]
[BlackElo "1625"]
[PlyCount "79"]
[EventDate "2009.10.10"]

1. e4 d5 2. exd5 Qxd5 3. Nc3 Qa5 4. d4 Nf6 5. Nf3 c6 6. Bd2 Qc7 7. Bc4 Bg4 8.
a4 e6 9. Qe2 Bd6 10. h3 Bxf3 11. Qxf3 O-O 12. O-O Nbd7 13. Bb3 a6 14. Rfe1 Rad8
15. Ne2 Nd5 16. c4 Bb4 17. Qd3 Bxd2 18. Qxd2 N5f6 19. Ng3 Nc5 20. Bc2 Rfe8 21.
Qg5 h6 22. Qh4 Ncd7 23. Rad1 c5 24. b3 cxd4 25. Rxd4 e5 26. Rd2 Qa5 27. Red1
Nc5 28. b4 Rxd2 29. bxa5 Rxd1+ 30. Bxd1 Rd8 31. Bf3 Rd4 32. Ne4 Ncxe4 33. Bxe4
Rxe4 34. Qg3 Nd7 35. Qb3 Re1+ 36. Kh2 Nc5 37. Qb4 Nd3 38. Qxb7 Nxf2 39. Qc8+
Kh7 40. Qf5+ 1-0

[Event "IX Festival Citta' di Varese"]
[Site "Varese ITA"]
[Date "2009.10.18"]
[Round "6"]
[White "Tosetto, Flavio"]
[Black "Nipote, Mario"]
[Result "1-0"]
[WhiteElo "1656"]
[BlackElo "1419"]
[PlyCount "86"]
[EventDate "2009.10.10"]

1. e4 c6 2. f4 d5 3. e5 Bf5 4. d4 e6 5. Nf3 h6 6. Be2 Nd7 7. O-O Qc7 8. a4 a6
9. c4 c5 10. cxd5 exd5 11. Be3 Ne7 12. Nc3 Be6 13. dxc5 Nxc5 14. Nd4 Nf5 15.
Nxf5 Bxf5 16. Nxd5 Qc6 17. Bf3 Be4 18. Bxe4 Nxe4 19. Rc1 Nc5 20. b4 Rd8 21.
Bxc5 Rxd5 22. Qf3 Bxc5+ 23. bxc5 O-O 24. Rfd1 Rfd8 25. Rxd5 Rxd5 26. a5 Rxc5
27. Qxc6 Rxc6 28. Rxc6 bxc6 29. Kf2 Kf8 30. Ke3 Ke7 31. Kd4 Kd7 32. Kc5 Kc7 33.
g4 g6 34. h4 h5 35. gxh5 gxh5 36. f5 Kd7 37. Kb6 f6 38. exf6 Kd6 39. f7 Ke7 40.
f8=Q+ Kxf8 41. Kxc6 Kf7 42. Kb6 Kf6 43. Kxa6 Kxf5 1-0